| 000 | 00500nam a2200157Ia 4500 | ||
|---|---|---|---|
| 008 | 170221s9999 xx 000 0 und d | ||
| 100 | _aTheodora, Maniou, A. | ||
| 245 | _a‘Selfie Journalism’: Current Practices in Digital Media | ||
| 245 | _cManiou, A. Theodora, Veglis, Andreas. | ||
| 260 | _bStudies in Media and Communication | ||
| 260 | _c2016 | ||
| 300 | _a4 : 1 | ||
| 650 | _xCommunication | ||
| 650 | _xMedia Arts | ||
| 856 | _uhttp://redfame.com/journal/index.php/smc/issue/view/58 | ||
| 999 |
_c306722 _d306722 |
||